| 000 -CABECERA |
| fixed length control field |
00845nam a22002297a 4500 |
| 003 - IDENTIFICADOR DEL NÚMERO DE CONTROL |
| control field |
AR-CdUCM |
| 008 - DATOS DE LONGITUD FIJA--INFORMACIÓN GENERAL |
| fixed length control field |
190422b ||||| |||| 00| 0 spa d |
| 020 ## - NÚMERO INTERNACIONAL ESTÁNDAR DEL LIBRO |
| ISBN |
84-226-5942-5 |
| 040 ## - FUENTE DE LA CATALOGACIÓN |
| Agencia/entidad que catalogó originalmente la obra |
MUNICIPALIDAD PROVINCIAL DEL CUSCO |
| Entidad que transcribió la catalogación |
BIBLIOTECA MUNICIPAL DEL CUSCO |
| 082 ## - NÚMERO DE LA CLASIFICACIÓN DECIMAL DEWEY |
| No. de Clasificación |
EP / 803 / |
| Notacion interna |
K56 |
| 100 ## - ENTRADA PRINCIPAL--NOMBRE DE PERSONA |
| Nombre Personal |
King - Smith, Dick. |
| 245 ## - MENCIÓN DE TÍTULO |
| Título |
Babe : |
| Resto del título |
El cerdito valiente / |
| 260 ## - PUBLICACIÓN, DISTRIBUCIÓN, ETC. |
| Lugar de publicación, distribución, etc. |
Barcelona : |
| Nombre de la editorial, distribuidor, etc. |
Emecé editores, |
| Fecha de publicación, distribución, etc. |
1995. |
| 300 ## - DESCRIPCIÓN FÍSICA |
| Dimensiones |
21 cm. |
| Nº de Páginas Extensión |
137 páginas ; |
| 440 ## - MENCIÓN DE SERIE/PUNTO DE ACCESO ADICIONAL--TÍTULO |
| Título |
Circulo de lectores. |
| 9 (RLIN) |
32986 |
| 505 ## - NOTA DE CONTENIDO CON FORMATO |
| Nota de contenido formateada |
Contenido :Adivina cuánto peso -- ¿Por que no puedo aprender yo? -- Eres un jovencito muy atento -- ¿Que son las pruebas? --Ha llegado el día ... |
| 650 ## - PUNTO DE ACCESO ADICIONAL DE MATERIA--TÉRMINO DE MATERIA |
| Descriptor |
Cuentos |
| 9 (RLIN) |
217 |
| 650 ## - PUNTO DE ACCESO ADICIONAL DE MATERIA--TÉRMINO DE MATERIA |
| Descriptor |
Historietas |
| 9 (RLIN) |
10786 |
| 700 ## - PUNTO DE ACCESO ADICIONAL--NOMBRE DE PERSONA |
| Nombre Personal |
Gómez Parro Esther (traductor) |
| 9 (RLIN) |
32987 |
| 942 ## - ELEMENTOS DE PUNTO DE ACCESO ADICIONAL (KOHA) |
| Fuente de clasificación |
|
| Tipo de item |
Libros-BMC |
| 945 ## - PROCESAMIENTO DE INFORMACIÓN LOCAL (OCLC) |
| Catalogador |
rum |
| AAAA-MM-DD - Fecha de ingreso o modificacion |
2019-04-22 |